حضر ت مو سی عليہ السلا م کی باتیں / (Record no. 69946)
[ view plain ]
| 000 -LEADER | |
|---|---|
| fixed length control field | 00835nam a22001937a 4500 |
| 005 - DATE AND TIME OF LATEST TRANSACTION | |
| control field | 20200309145242.0 |
| 010 ## - LCCN (DPL NO) | |
| LC control number | B-472463-67 |
| 020 ## - INTERNATIONAL STANDARD BOOK NUMBER | |
| International Standard Book Number | 40-00 |
| 035 ## - SYSTEM CONTROL NUMBER | |
| System control number | B-472463-67 |
| 037 ## - SOURCE OF ACQUISITION | |
| Source of stock number/acquisition | BPPD |
| 082 ## - DEWEY DECIMAL CLASSIFICATION NUMBER | |
| Classification number | 270 |
| 245 ## - TITLE STATEMENT | |
| Title | حضر ت مو سی عليہ السلا م کی باتیں / |
| Statement of responsibility, etc | مو لف؛ محمد ا عظم رضا تبسم |
| Medium | |
| 246 ## - VARYING FORM OF TITLE | |
| Title proper/short title | Hazrat Musa allaihissalam Ki Baatein / |
| Remainder of title | by Mohammed Azam Raza Tabassum |
| 260 ## - PUBLICATION, DISTRIBUTION, ETC. (IMPRINT) | |
| Place of publication, distribution, etc | نئ دھلی |
| Name of publisher, distributor, etc | ا ر يب پبليکيشنز |
| Date of publication, distribution, etc | 2011 ء |
| 270 ## - ADDRESS | |
| Address | 1542،پٹو دی ہا ؤس د ر يا گنج |
| City | نئ دھلی |
| Postal code | 110002 |
| 300 ## - PHYSICAL DESCRIPTION | |
| Extent | 80 ص |
| Dimensions | 22cm(pbk) |
| 942 ## - ADDED ENTRY ELEMENTS (KOHA) | |
| Source of classification or shelving scheme | Dewey Decimal Classification |
| Item type | Urdu Bks |
| Call number suffix | م و س |
| Classification part | 270 |
| Withdrawn status | Lost status | Not for loan | Collection code | Home library | Current library | Date acquired | Source of acquisition | Cost, normal purchase price | Full call number | Barcode | Copy number | Koha item type | Cost, replacement price |
|---|---|---|---|---|---|---|---|---|---|---|---|---|---|
| Non-fiction | Central Library | Central Library | 12/09/2012 | k.k pub/B.NO/194/25.03.2012/order No/DPL/BPPD/E01/2011-12/7/42/22/dt.20/03/12 | 40.00 | 270-م و س | B-472463 | 1 | Urdu Bks | ||||
| Non-fiction | Karol Bagh | Karol Bagh | 12/09/2012 | k.k pub/B.NO/194/25.03.2012/order No/DPL/BPPD/E01/2011-12/7/42/22/dt.20/03/12 | 40.00 | 270-م و س | B-472465 | 1 | Urdu Bks | 40.00 | |||
| Non-fiction | Patel Nagar | Patel Nagar | 12/09/2012 | k.k pub/B.NO/194/25.03.2012/order No/DPL/BPPD/E01/2011-12/7/42/22/dt.20/03/12 | 40.00 | 270-م و س | B-472464 | 1 | Urdu Bks | 40.00 | |||
| Non-fiction | Sarojini Nagar | Sarojini Nagar | 12/09/2012 | k.k pub/B.NO/194/25.03.2012/order No/DPL/BPPD/E01/2011-12/7/42/22/dt.20/03/12 | 40.00 | 270-م و س | B-472467 | 1 | Urdu Bks | 40.00 | |||
| Non-fiction | Shahdara Branch | Shahdara Branch | 12/09/2012 | k.k pub/B.NO/194/25.03.2012/order No/DPL/BPPD/E01/2011-12/7/42/22/dt.20/03/12 | 40.00 | 270-م و س | B-472466 | 1 | Urdu Bks | 40.00 |
